[Event "SWE-chT 1920 Elite"]
[Site "Sweden"]
[Date "2020.10.19"]
[Round "8.5"]
[White "Vernersson, Per"]
[Black "Lindeman, Sven"]
[Result "1/2-1/2"]
[WhiteElo "2275"]
[BlackElo "2170"]
[PlyCount "42"]
[EventDate "2019.10.18"]
[EventType "team-tourn"]
[EventRounds "9"]
[EventCountry "SWE"]
[SourceTitle "EXT 2022"]
[Source "ChessBase"]
[SourceDate "2021.10.06"]
[SourceVersion "1"]
[SourceVersionDate "2021.10.06"]
[SourceQuality "1"]
[WhiteTeam "Eksjo"]
[BlackTeam "Farsta"]
[WhiteTeamCountry "SWE"]
[BlackTeamCountry "SWE"]

1. Nf3 Nf6 2. c4 c5 3. Nc3 d5 4. cxd5 Nxd5 5. d3 Nc6 6. e3 g6 7. a3 Bg7 8. Bd2 0-0 9. Be2 b6 10. 0-0 Bb7 11. Rb1 Qd7 12. Nxd5 Qxd5 13. b4 cxb4 14. axb4 Ne5 15. Qb3 Qxb3 16. Rxb3 Nxf3+ 17. Bxf3 Bxf3 18. gxf3 b5 19. Rc1 Rfc8 20. Kf1 Rxc1+ 21. Bxc1 Rc8 1/2-1/2

[Event "SWE-chT 1920 Elite"]
[Site "Sweden"]
[Date "2020.10.18"]
[Round "7.3"]
[White "Lindeman, Sven"]
[Black "Lindahl, Emil"]
[Result "0-1"]
[WhiteElo "2170"]
[BlackElo "2179"]
[PlyCount "82"]
[EventDate "2019.10.18"]
[EventType "team-tourn"]
[EventRounds "9"]
[EventCountry "SWE"]
[SourceTitle "EXT 2022"]
[Source "ChessBase"]
[SourceDate "2021.10.06"]
[SourceVersion "1"]
[SourceVersionDate "2021.10.06"]
[SourceQuality "1"]
[WhiteTeam "Farsta"]
[BlackTeam "Vaxjo"]
[WhiteTeamCountry "SWE"]
[BlackTeamCountry "SWE"]

1. e4 c5 2. Nf3 e6 3. d3 Nc6 4. g3 b6 5. Bg2 Bb7 6. 0-0 d6 7. Re1 Nf6 8. a3 Be7 9. c3 0-0 10. d4 Qc7 11. e5 Nd7 12. Bf4 cxd4 13. cxd4 dxe5 14. dxe5 Nc5 15. Qc2 a5 16. Nbd2 Rfd8 17. Re3 h6 18. h4 Nd4 19. Nxd4 Rxd4 20. Nf3 Rd7 21. Rc3 a4 22. Re1 Rad8 23. h5 Bd5 24. g4 Qb7 25. Rce3 Nb3 26. Rc3 b5 27. Ree3 b4 28. axb4 Bxb4 29. Rcd3 Rc8 30. Qe2 Nc1 31. Qd1 Nxd3 32. Rxd3 Rcd8 33. Qxa4 Be7 34. Re3 Qxb2 35. Bf1 Bc5 36. g5 Bxe3 37. Bxe3 Bxf3 38. Qf4 Bxh5 39. gxh6 Qb1 40. Kh2 Qxf1 41. hxg7 Rd1 0-1

[Event "Bossum Pinkster op-A"]
[Site "Bossum"]
[Date "2010.05.22"]
[Round "2"]
[White "Lindeman, Sven"]
[Black "Wunnink, Michael"]
[Result "0-1"]
[WhiteElo "2196"]
[BlackElo "2290"]
[PlyCount "128"]
[EventDate "2010.05.21"]
[EventType "swiss"]
[EventRounds "7"]
[EventCountry "NED"]
[SourceTitle "CBM 136 Extra"]
[Source "ChessBase"]
[SourceDate "2010.07.02"]
[SourceVersion "2"]
[SourceVersionDate "2010.07.15"]
[SourceQuality "1"]

1. e4 c5 2. c3 Nf6 3. e5 Nd5 4. d4 cxd4 5. cxd4 d6 6. Nf3 Nc6 7. Bc4 Nb6 8. Bb5 dxe5 9. Nxe5 Bd7 10. Nxd7 Qxd7 11. 0-0 e6 12. Be3 Be7 13. Nc3 0-0 14. Rc1 Rac8 15. a3 Rfd8 16. Ne2 Bf6 17. Qd2 e5 18. Rfd1 exd4 19. Nxd4 Qd5 20. Nxc6 bxc6 21. Bd3 Qe5 22. Rc2 Nd5 23. Re1 Nxe3 24. Rxe3 Qd5 25. Qe2 Bg5 26. Rh3 Re8 27. Qf3 Re1+ 28. Bf1 Rd8 29. Qxd5 Rxd5 30. Re2 Rxe2 31. Bxe2 Rd2 32. Kf1 Rxb2 33. Rd3 c5 34. g3 Rb7 35. Rd5 Be7 36. Bc4 g6 37. Ke2 Rb2+ 38. Rd2 Rb7 39. h4 h5 40. Kf3 Kg7 41. Ke4 Bf6 42. f3 Bd4 43. Kd5 Re7 44. a4 Kf6 45. g4 Re3 46. Rd3 Rxd3 47. Bxd3 Bf2 48. gxh5 gxh5 49. a5 Bxh4 50. Kxc5 Ke5 51. Bc4 Bf2+ 52. Kc6 h4 53. Bxf7 h3 54. f4+ Kxf4 55. Bd5 Kg3 56. Kb7 Kh2 57. Be6 Kg2 58. Bxh3+ Kxh3 59. Ka6 Kg4 60. Kb5 Kf4 61. Ka6 Ke5 62. Kb5 Kd5 63. Ka6 Kc4 64. Kb7 Kb5 0-1

[Event "SWE-chT 0910"]
[Site "Sweden"]
[Date "2009.10.16"]
[Round "1"]
[White "Lindeman, Sven"]
[Black "Liljedahl, Lennart"]
[Result "1/2-1/2"]
[WhiteElo "2205"]
[BlackElo "2290"]
[PlyCount "66"]
[EventDate "2009.10.16"]
[EventType "team"]
[EventRounds "11"]
[EventCountry "SWE"]
[SourceTitle "EXT 2011"]
[Source "ChessBase"]
[SourceDate "2010.11.26"]
[SourceVersion "1"]
[SourceVersionDate "2010.11.26"]
[SourceQuality "1"]
[WhiteTeam "Farsta"]
[BlackTeam "Manhem"]
[WhiteTeamCountry "SWE"]
[BlackTeamCountry "SWE"]

1. e4 d5 2. exd5 Qxd5 3. Nc3 Qa5 4. d4 Nf6 5. Nf3 Bg4 6. h3 Bxf3 7. Qxf3 c6 8. Bd2 Qb6 9. 0-0-0 e6 10. Bf4 Nbd7 11. g4 Qa5 12. Kb1 Bb4 13. Ne4 Nxe4 14. Qxe4 Qd5 15. Bd3 Qxe4 16. Bxe4 Ke7 17. c4 Bd6 18. Bd2 Rae8 19. f4 h5 20. f5 hxg4 21. hxg4 Nf6 22. Bf3 exf5 23. gxf5 Kd7 24. Rdg1 Rxh1 25. Rxh1 Ne4 26. Bc1 Ng3 27. Rh7 Nxf5 28. Bg4 Ke6 29. Rxg7 Kf6 30. Rh7 Nxd4 31. Bh5 Re7 32. Rh6+ Ke5 33. Bg5 Re6 1/2-1/2

[Event "SWE-chT 0809"]
[Site "Sweden"]
[Date "2009.02.28"]
[Round "8"]
[White "Lindeman, Sven"]
[Black "Dragicevic, Drazen"]
[Result "1/2-1/2"]
[WhiteElo "2212"]
[BlackElo "2390"]
[PlyCount "134"]
[EventDate "2008.10.25"]
[EventType "team-tourn"]
[EventRounds "11"]
[EventCountry "SWE"]
[SourceTitle "EXT 2011"]
[Source "ChessBase"]
[SourceDate "2010.11.26"]
[SourceVersion "1"]
[SourceVersionDate "2010.11.26"]
[SourceQuality "1"]

1. e4 c5 2. Nf3 Nc6 3. Bb5 g6 4. Bxc6 dxc6 5. d3 Bg7 6. h3 Nf6 7. Nc3 0-0 8. Be3 b6 9. Qd2 Re8 10. Bh6 e5 11. Bxg7 Kxg7 12. Nh2 Qd6 13. 0-0-0 b5 14. Ng4 Nh5 15. Qh6+ Kh8 16. g3 f6 17. Rhf1 Be6 18. Kb1 Bg8 19. Qe3 a5 20. Ne2 f5 21. exf5 gxf5 22. Qg5 Qg6 23. Qxg6 hxg6 24. Ne3 Nf6 25. Rfe1 Kg7 26. f4 Ra7 27. fxe5 Rxe5 28. Nf4 Rae7 29. Nfg2 Nd5 30. Nf1 g5 31. Rxe5 Rxe5 32. Kc1 a4 33. a3 Kf6 34. Kd2 Bf7 35. Nh2 Re8 36. Rf1 Kg6 37. h4 g4 38. Nf4+ Nxf4 39. Rxf4 c4 40. d4 c5 41. dxc5 Rc8 42. Nf1 Rxc5 43. Ne3 Be6 44. Rd4 Kf6 45. Ng2 Ke5 46. c3 Rc8 47. Nf4 Re8 48. Ke3 Bf7 49. Rd7 Kf6+ 50. Kf2 Rb8 51. Rc7 Rd8 52. Rc6+ Ke7 53. Ke3 Rd1 54. Rc5 Rf1 55. Rxf5 Rf3+ 56. Ke4 Rxg3 57. Rxb5 Rg1 58. Kf5 g3 59. Re5+ Kd6 60. Re3 Bh5 61. Kg5 Bd1 62. h5 g2 63. Rg3 Bf3 64. h6 Be4 65. Nxg2 Bxg2 66. h7 Rh1 67. Rxg2 Rxh7 1/2-1/2

[Event "SWE-chT2 0708"]
[Site "Sweden"]
[Date "2008.03.09"]
[Round "9"]
[White "Lindeman, Sven"]
[Black "De Verdier, Michael Carl Adam"]
[Result "1/2-1/2"]
[WhiteElo "2208"]
[BlackElo "2253"]
[PlyCount "102"]
[EventDate "2007.10.20"]
[EventType "team"]
[EventRounds "9"]
[EventCountry "SWE"]
[SourceTitle "EXT 2009"]
[Source "ChessBase"]
[SourceDate "2008.11.26"]
[SourceVersion "1"]
[SourceVersionDate "2008.11.26"]
[SourceQuality "1"]
[WhiteTeam "Farsta"]
[BlackTeam "Eksjo"]
[WhiteTeamCountry "SWE"]
[BlackTeamCountry "SWE"]

1. e4 c5 2. Nf3 d6 3. Bb5+ Bd7 4. Bxd7+ Qxd7 5. c4 Nc6 6. d4 cxd4 7. Nxd4 Nf6 8. Nc3 g6 9. f3 Bg7 10. Be3 a6 11. a4 Rc8 12. b3 0-0 13. Rc1 Rfd8 14. Nde2 Ne5 15. Bb6 Rf8 16. 0-0 Qc6 17. a5 Qe8 18. Qd2 Ned7 19. Be3 Nc5 20. Rb1 Qd8 21. Rfc1 Nfd7 22. b4 Ne6 23. Nd5 Nc7 24. Nec3 Nxd5 25. Nxd5 Ne5 26. Nb6 Rb8 27. Rd1 Qc7 28. Rbc1 Rfe8 29. h3 Bf8 30. Nd5 Qd8 31. Bb6 Qd7 32. c5 Rbc8 33. f4 Nc6 34. e5 Bg7 35. cxd6 exd6 36. Bc5 Rcd8 37. Bxd6 g5 38. fxg5 Nxe5 39. Bxe5 Rxe5 40. Nf6+ Bxf6 41. gxf6 Qxd2 42. Rxd2 Rf8 43. Rc7 Rb5 44. Rd4 h5 45. g4 b6 46. gxh5 bxa5 47. Rg4+ Kh8 48. bxa5 Rxa5 49. Rg7 Rxh5 50. Rcxf7 Rxf7 51. Rxf7 Rxh3 1/2-1/2

[Event "SWE-chT2 0708"]
[Site "Sweden"]
[Date "2008.02.03"]
[Round "6"]
[White "Lindeman, Sven"]
[Black "Styf, Josef"]
[Result "1-0"]
[WhiteElo "2208"]
[BlackElo "2080"]
[PlyCount "53"]
[EventDate "2007.10.20"]
[EventType "team"]
[EventRounds "9"]
[EventCountry "SWE"]
[SourceTitle "EXT 2009"]
[Source "ChessBase"]
[SourceDate "2008.11.26"]
[SourceVersion "1"]
[SourceVersionDate "2008.11.26"]
[SourceQuality "1"]
[WhiteTeam "Farsta"]
[BlackTeam "Upsala II"]
[WhiteTeamCountry "SWE"]
[BlackTeamCountry "SWE"]

1. e4 c5 2. Nf3 d6 3. d4 cxd4 4. Nxd4 Nf6 5. Nc3 Nc6 6. Bg5 e6 7. Qd2 a6 8. 0-0-0 h6 9. Nxc6 bxc6 10. Bf4 d5 11. Qe3 Be7 12. Be2 Qa5 13. Kb1 dxe4 14. Nxe4 Nd5 15. Qd2 Qxd2 16. Bxd2 e5 17. c4 Nf6 18. Nxf6+ Bxf6 19. Bf3 Bf5+ 20. Ka1 Rc8 21. Bb4 c5 22. Bc3 0-0 23. Bd5 g5 24. Rhe1 Rfe8 25. Re3 Rc7 26. Rde1 Rce7 27. Rf3 1-0

[Event "SWE-chT2 0708"]
[Site "Sweden"]
[Date "2007.10.20"]
[Round "1"]
[White "Lindeman, Sven"]
[Black "Bergre, Joachim"]
[Result "1/2-1/2"]
[WhiteElo "2214"]
[BlackElo "2107"]
[PlyCount "64"]
[EventDate "2007.10.20"]
[EventType "team"]
[EventRounds "9"]
[EventCountry "SWE"]
[SourceTitle "EXT 2009"]
[Source "ChessBase"]
[SourceDate "2008.11.26"]
[SourceVersion "1"]
[SourceVersionDate "2008.11.26"]
[SourceQuality "1"]
[WhiteTeam "Farsta"]
[BlackTeam "Manhem II"]
[WhiteTeamCountry "SWE"]
[BlackTeamCountry "SWE"]

1. e4 d6 2. d4 g6 3. Nc3 Bg7 4. Be3 c6 5. Qd2 b5 6. Nf3 Nd7 7. a4 b4 8. Ne2 a5 9. c3 bxc3 10. Nxc3 Ngf6 11. Bh6 0-0 12. Bxg7 Kxg7 13. Rd1 Qb6 14. Be2 Rb8 15. Rb1 Ba6 16. 0-0 Rfd8 17. Bxa6 Qxa6 18. Qf4 Rb4 19. e5 dxe5 20. Nxe5 c5 21. Qf3 Nxe5 22. dxe5 Ng4 23. Rfe1 Qd3 24. Qe2 Nh6 25. Qxd3 Rxd3 26. Kf1 Nf5 27. Ke2 Rd7 28. Red1 Nd4+ 29. Ke1 Nc2+ 30. Ke2 Nd4+ 31. Ke1 Nc2+ 32. Ke2 Nd4+ 1/2-1/2

[Event "SWE-chT 0304"]
[Site "Sweden"]
[Date "2004.??.??"]
[Round "6"]
[White "Lindeman, Sven"]
[Black "Lundin, Anders"]
[Result "0-1"]
[WhiteElo "2217"]
[BlackElo "2219"]
[PlyCount "58"]
[EventDate "2003.10.??"]
[EventType "team"]
[EventRounds "11"]
[EventCountry "SWE"]
[SourceTitle "EXT 2005"]
[Source "ChessBase"]
[SourceDate "2004.11.15"]
[SourceVersion "1"]
[SourceVersionDate "2004.11.15"]
[SourceQuality "1"]
[WhiteTeam "Farsta"]
[BlackTeam "Passanten"]
[WhiteTeamCountry "SWE"]
[BlackTeamCountry "SWE"]

1. e4 c5 2. Nf3 e6 3. d3 d5 4. Nbd2 Nc6 5. g3 Nf6 6. Bg2 Be7 7. 0-0 b6 8. Re1 Bb7 9. c3 Qc7 10. Qe2 Ba6 11. exd5 Nxd5 12. Nc4 0-0 13. Ng5 Bxg5 14. Bxg5 h6 15. Bd2 Rad8 16. Rad1 Rfe8 17. f4 Re7 18. Ne5 Nxe5 19. fxe5 Red7 20. Qg4 Kf8 21. Rf1 Qxe5 22. Rde1 Qc7 23. Rxe6 Bxd3 24. Rxh6 Kg8 25. Rf2 Qe5 26. Rh5 Nf6 27. Rxf6 Qxf6 28. Qh3 g6 29. Qg4 Bf5 0-1

[Event "SWE-chT 0304"]
[Site "Sweden"]
[Date "2004.??.??"]
[Round "11"]
[White "Olsson, Tomas"]
[Black "Lindeman, Sven"]
[Result "1/2-1/2"]
[WhiteElo "2238"]
[BlackElo "2217"]
[PlyCount "63"]
[EventDate "2003.10.??"]
[EventType "team"]
[EventRounds "11"]
[EventCountry "SWE"]
[SourceTitle "EXT 2005"]
[Source "ChessBase"]
[SourceDate "2004.11.15"]
[SourceVersion "1"]
[SourceVersionDate "2004.11.15"]
[SourceQuality "1"]
[WhiteTeam "Lund"]
[BlackTeam "Farsta"]
[WhiteTeamCountry "SWE"]
[BlackTeamCountry "SWE"]

1. e4 e5 2. Nf3 Nc6 3. Bc4 Nf6 4. d4 exd4 5. e5 d5 6. Bb5 Ne4 7. Nxd4 Bd7 8. Bxc6 bxc6 9. 0-0 Bc5 10. f3 Ng5 11. f4 Ne4 12. Be3 0-0 13. Nd2 f6 14. Nxe4 dxe4 15. Qe2 Bg4 16. Qf2 Qe8 17. Nb3 Bb6 18. exf6 Bxe3 19. Qxe3 Rxf6 20. Rae1 Bf5 21. Nd4 g6 22. Nf3 Qb8 23. Qc3 Qb6+ 24. Kh1 Rd6 25. Ne5 Qd4 26. Qb3+ Be6 27. Qb7 Re8 28. Qxc7 e3 29. c3 Qd2 30. Nf3 Qd3 31. Ne5 Qd2 32. Nf3 1/2-1/2

[Event "SWE-chT 0405"]
[Site "Sweden"]
[Date "2004.??.??"]
[Round "3"]
[White "Svensson, Sven"]
[Black "Lindeman, Sven"]
[Result "1-0"]
[WhiteElo "2244"]
[BlackElo "2243"]
[PlyCount "99"]
[EventDate "2004.11.05"]
[EventType "team"]
[EventRounds "11"]
[EventCountry "SWE"]
[SourceTitle "EXT 2006"]
[Source "ChessBase"]
[SourceDate "2005.11.24"]
[SourceVersion "1"]
[SourceVersionDate "2005.11.24"]
[SourceQuality "1"]
[WhiteTeam "Skara"]
[BlackTeam "Farsta"]
[WhiteTeamCountry "SWE"]
[BlackTeamCountry "SWE"]

1. d4 Nf6 2. c4 e6 3. Nc3 Bb4 4. Qc2 0-0 5. Nf3 b6 6. g3 Bb7 7. Bg2 Be4 8. Qb3 Bxc3+ 9. Qxc3 d6 10. 0-0 Nbd7 11. b3 Rc8 12. Bb2 c5 13. Rac1 Qe7 14. Rfd1 Rfe8 15. Qe3 cxd4 16. Nxd4 Bxg2 17. Kxg2 d5 18. cxd5 Nxd5 19. Qd2 N7f6 20. f3 Qb7 21. e4 Ne7 22. Nb5 Rxc1 23. Rxc1 Qb8 24. Bxf6 gxf6 25. Qd7 Qd8 26. Rc7 Qxd7 27. Rxd7 Nc6 28. Nxa7 Nxa7 29. Rxa7 Rd8 30. g4 Rd2+ 31. Kg3 Kg7 32. h4 e5 33. Ra6 b5 34. g5 h6 35. gxh6+ Kxh6 36. Rxf6+ Kg7 37. Rb6 Rxa2 38. Rxb5 f6 39. Kg4 Rf2 40. Rc5 Kg6 41. h5+ Kf7 42. Rc7+ Ke6 43. h6 Rh2 44. h7 Rh6 45. b4 Rg6+ 46. Kh5 Rg3 47. Kh6 Rh3+ 48. Kg7 Rg3+ 49. Kf8 Rh3 50. Kg8 1-0

[Event "SWE-chT 0304"]
[Site "Sweden"]
[Date "2003.??.??"]
[Round "5"]
[White "Carlsson, Pontus"]
[Black "Lindeman, Sven"]
[Result "1/2-1/2"]
[WhiteElo "2395"]
[BlackElo "2216"]
[PlyCount "48"]
[EventDate "2003.10.??"]
[EventType "team"]
[EventRounds "11"]
[EventCountry "SWE"]
[SourceTitle "EXT 2005"]
[Source "ChessBase"]
[SourceDate "2004.11.15"]
[SourceVersion "1"]
[SourceVersionDate "2004.11.15"]
[SourceQuality "1"]
[WhiteTeam "Sollentuna"]
[BlackTeam "Farsta"]
[WhiteTeamCountry "SWE"]
[BlackTeamCountry "SWE"]

1. e4 e5 2. Nf3 Nc6 3. Bb5 a6 4. Ba4 Nf6 5. 0-0 Be7 6. Re1 b5 7. Bb3 0-0 8. h3 Bb7 9. d3 d6 10. a3 Nb8 11. Nbd2 c5 12. Nf1 Qc7 13. Ng3 g6 14. Qe2 Nbd7 15. c3 Rfe8 16. Bg5 Bf8 17. Nh2 h6 18. Bxf6 Nxf6 19. Ng4 Nxg4 20. hxg4 Be7 21. Nf1 Bg5 22. Ne3 Bxe3 23. Qxe3 Kg7 24. f3 a5 1/2-1/2

[Event "SWE-chT 0304"]
[Site "Sweden"]
[Date "2003.??.??"]
[Round "4"]
[White "Hedman, Erik"]
[Black "Lindeman, Sven"]
[Result "1/2-1/2"]
[WhiteElo "2402"]
[BlackElo "2216"]
[PlyCount "43"]
[EventDate "2003.10.??"]
[EventType "team"]
[EventRounds "11"]
[EventCountry "SWE"]
[SourceTitle "EXT 2005"]
[Source "ChessBase"]
[SourceDate "2004.11.15"]
[SourceVersion "1"]
[SourceVersionDate "2004.11.15"]
[SourceQuality "1"]
[WhiteTeam "Stockholm Rockaden"]
[BlackTeam "Farsta"]
[WhiteTeamCountry "SWE"]
[BlackTeamCountry "SWE"]

1. Nf3 c5 2. c4 Nf6 3. Nc3 e6 4. g3 b6 5. Bg2 Bb7 6. 0-0 Be7 7. Re1 0-0 8. e4 d6 9. d4 cxd4 10. Nxd4 Qc8 11. Be3 Nc6 12. Rc1 Nxd4 13. Bxd4 Rd8 14. h3 Rb8 15. Qd2 Qd7 16. Qe2 Rbc8 17. a4 Bc6 18. Ra1 Qb7 19. f4 Re8 20. Bf2 Bf8 21. Nb5 Qb8 22. Nc3 1/2-1/2

[Event "Sollentuna op"]
[Site "Sollentuna"]
[Date "1995.??.??"]
[Round "9"]
[White "Lindeman, Sven"]
[Black "Wiedenkeller, Michael"]
[Result "1-0"]
[WhiteElo "2260"]
[BlackElo "2445"]
[PlyCount "81"]
[EventDate "1995.??.??"]
[EventType "swiss"]
[EventRounds "9"]
[EventCountry "SWE"]
[SourceTitle "EXT 1997"]
[Source "ChessBase"]
[SourceDate "1996.11.15"]
[SourceVersion "1"]
[SourceVersionDate "1996.11.15"]
[SourceQuality "1"]

1. e4 e6 2. d3 d5 3. Nd2 c5 4. g3 Bd6 5. Bg2 Ne7 6. f4 Nbc6 7. Ngf3 0-0 8. 0-0 b5 9. c3 Rb8 10. Nh4 f6 11. Qh5 Qe8 12. Qe2 b4 13. Re1 Qf7 14. Nf1 Ba6 15. Qc2 Bc7 16. Bh3 e5 17. exd5 Qxd5 18. c4 Nd4 19. Qd1 Qf7 20. Be3 Nec6 21. Bg2 Rfd8 22. f5 Ne7 23. g4 g5 24. fxg6 hxg6 25. Ng3 Qh7 26. Nf3 Bb7 27. Bf2 Ne6 28. Qc2 Nf4 29. Ne4 Kg7 30. Bxc5 Bb6 31. Bxb6 axb6 32. g5 Bxe4 33. gxf6+ Kxf6 34. Rxe4 Nxd3 35. Re3 e4 36. Nd2 Nc5 37. Nxe4+ Nxe4 38. Qxe4 Nf5 39. Qe5+ Kf7 40. Bd5+ Rxd5 41. Qc7+ 1-0

[Event "Salongernas Elo"]
[Site "Stockholm"]
[Date "1993.??.??"]
[Round "?"]
[White "Lindeman, Sven"]
[Black "Cramling, Dan"]
[Result "1/2-1/2"]
[WhiteElo "2255"]
[BlackElo "2420"]
[PlyCount "58"]
[EventDate "1993.??.??"]
[EventType "tourn"]
[EventRounds "8"]
[EventCountry "SWE"]
[SourceTitle "EXT 2002"]
[Source "ChessBase"]
[SourceDate "2001.11.25"]
[SourceVersion "1"]
[SourceVersionDate "2001.11.25"]
[SourceQuality "1"]

1. e4 c5 2. Nf3 Nc6 3. d4 cxd4 4. Nxd4 Nf6 5. Nc3 e5 6. Ndb5 d6 7. Bg5 a6 8. Na3 b5 9. Bxf6 gxf6 10. Nd5 Bg7 11. Bd3 Ne7 12. Nxe7 Qxe7 13. c3 f5 14. Nc2 Qg5 15. 0-0 Bb7 16. Qf3 f4 17. Qe2 f5 18. f3 0-0 19. a4 bxa4 20. exf5 Bf6 21. Rxa4 a5 22. c4 Bd8 23. c5 Qf6 24. cxd6 Qxd6 25. Rd1 Kh8 26. Kh1 Qf6 27. Be4 Rb8 28. b4 Bc6 29. Bxc6 Qxc6 1/2-1/2